Automatizace výrobních zařízení

Bibliographic Details
Main Author: Talácko, Jaroslav (Author)
Format: Book
Language:Czech
PhysicalDescription:202 s. 29 cm
Published: Praha České vysoké učení technické 1993
ISBN:8001010198
Edition:1. vyd.

MARC

LEADER 00000nam a2200000 a 4500
001 vtls001152261
003 SK-MaSNL
005 20260301063206.0
008 250414s1993 xr 0 cze
020 |a 8001010198 
035 |a SNK000095143 
040 |a SNK  |b slo  |c SNK  |e AACR2 
041 0 |a cze 
044 |a xr  |c CZ 
080 |a 007.52(075.8)  |2 1981 
080 |a 621.7/.9-52  |2 1981 
080 |a 681.323(075.8)  |2 1981 
100 1 |a Talácko, Jaroslav  |4 aut  |9 276641 
245 1 0 |a Automatizace výrobních zařízení  |c Jaroslav Talácko 
250 |a 1. vyd. 
260 |a Praha  |b České vysoké učení technické  |c 1993 
300 |a 202 s.  |c 29 cm 
852 |a Slovenská národná knižnica 
919 |a 80-01-01019-8 
954 |a zariadenia výrobné  |a automatizácia 
999 |c 623232  |d 625162 
952 |t P60, <04>, [BOOK], {604}  |a SNK  |b SNK  |y VYP  |7 0  |p 17A0073450  |o snkIB 68860  |0 0  |1 0  |4 0  |d 1997-06-16  |l 0  |r 2005-01-01 00:00:00  |w 2026-02-23